20,000 Leagues Under the Sea (Record no. 3596)
[ view plain ]
| 000 -LEADER | |
|---|---|
| fixed length control field | 00211nam a22000857a 4500 |
| 008 - FIXED-LENGTH DATA ELEMENTS--GENERAL INFORMATION | |
| fixed length control field | 161024b xxu||||| |||| 00| 0 eng d |
| 100 ## - MAIN ENTRY--PERSONAL NAME | |
| 9 (RLIN) | 942 |
| Personal name | Verne.J. |
| 245 ## - TITLE STATEMENT | |
| Title | 20,000 Leagues Under the Sea |
| 260 ## - PUBLICATION, DISTRIBUTION, ETC. (IMPRINT) | |
| Place of publication, distribution, etc. | Newyork |
| Date of publication, distribution, etc. | 1986 |
| Withdrawn status | Lost status | Source of classification or shelving scheme | Damaged status | Koha normalized classification for sorting | Not for loan | Home library | Current library | Shelving location | Date acquired | Total Checkouts | Total Renewals | Full call number | Barcode | Date last seen | Date last checked out | Price effective from | Koha item type |
|---|---|---|---|---|---|---|---|---|---|---|---|---|---|---|---|---|---|
| Dewey Decimal Classification | 823_000000000000000 | Good Samaritan School Library | Good Samaritan School Library | FICTION | 10/24/2016 | 9 | 1 | 823 | VER8324 | 11/07/2019 | 10/28/2019 | 10/24/2016 | BOOK |